000 00670nam a22002177a 4500
001 37455
003 BD-RjUL
005 20211209052618.0
008 150120r20042003ii a|||| |||| 00| 0 eng d
020 _a8177541722
035 _a(BD-RjUL)37559
040 _aBD-RjUL
_beng
_cBD-RjUL
041 _aeng
082 _a633.880954
_222
_bPRA 2004
245 _aAgro's colour atlas of medicinal plants /
_cNarayan Das Prajapati, S.S. Purohit.
260 _aJodhpur :
_bAgrobios (India),
_c2003 [reprint 2004].
300 _axvi, 3, [272] p. :
_bcol. ill. ;
_c26 cm.
650 _a Medicinal plants
_zIndia.
_9115017
700 _aPurohit, S.S.
_9115018
942 _2ddc
_cBK
999 _c37455
_d37455